The Experience Economy in the Systems of Urban and Regional Transport - from a Change of Location to Positive Emotional Impressions During Movements
Výsledky skúsenostnej ekonomiky ukazujú, že pri využívaní služieb je dôležitá nielen ich úžitková hodnota, ale aj s tým súvisiace pozitívne skúsenosti a dojmy. Preto bolo cieľom výskumu posúdiť a uviesť smery aplikačných možností skúsenostnej ekonomiky v mestskej a regionálnej doprave. Boli použité...
Na minha lista:
| Autor principal: | |
|---|---|
| Outros Autores: | , |
| Formato: | Capítulo de Livro |
| Idioma: | inglês |
| Assuntos: | |
| Tags: |
Sem tags, seja o primeiro a adicionar uma tag!
|
MARC
| LEADER | 00000naa a2200000 4500 | ||
|---|---|---|---|
| 001 | 0300431 | ||
| 005 | 20240522115249.1 | ||
| 041 | 0 | |a eng | |
| 044 | |a SK | ||
| 245 | 1 | 0 | |a The Experience Economy in the Systems of Urban and Regional Transport - from a Change of Location to Positive Emotional Impressions During Movements |c Jozef Gnap, Grzegorz Dydkowski, Anna Urbanek |
| 520 | |a Výsledky skúsenostnej ekonomiky ukazujú, že pri využívaní služieb je dôležitá nielen ich úžitková hodnota, ale aj s tým súvisiace pozitívne skúsenosti a dojmy. Preto bolo cieľom výskumu posúdiť a uviesť smery aplikačných možností skúsenostnej ekonomiky v mestskej a regionálnej doprave. Boli použité metódy a analýzy súčasných teoretických výdobytkov zážitkovej ekonomiky, sociálne štúdie o používaní áut, ako aj analógie, brainstorming, syntéza a modelovanie. Perzonalizácia služieb by mala pokračovať v oblasti informovania cestujúcich, plánovania ciest a tarifných riešení, ako aj pre riešenia zvyšujúce možnosti využitia času počas cesty za pracovnými záležitosťami, vzdelávaním a zábavou. | ||
| 610 | 2 | 0 | |a ekonomika |
| 610 | 2 | 0 | |a doprava |
| 610 | 2 | 0 | |a cestujúci |
| 610 | 2 | 0 | |a modelovanie |
| 610 | 2 | 0 | |a služby |
| 100 | 1 | |a Gnap, Jozef | |
| 700 | 1 | |a Dydkowski, Grzegorz | |
| 700 | 1 | |a Urbanek, Anna | |